| 000 | 00581nam a2200241Ia 4500 | ||
|---|---|---|---|
| 008 | 160803s9999 xx 000 0 und d | ||
| 020 | _a9780545290340 | ||
| 100 | _aLupica, Mike | ||
| 245 | _aMillion-dollar throw / | ||
| 245 | _cMike Lupica. | ||
| 260 | _aNew York : | ||
| 260 | _bScholastic Inc. | ||
| 260 | _c2009 | ||
| 300 | _a244 pages ; | ||
| 300 | _c24 cm. | ||
| 650 | _aBlind -- | ||
| 650 | _aContests -- | ||
| 650 | _aYouth with disabilities -- | ||
| 650 | _xFiction. | ||
| 650 | _xJuvenile fiction. | ||
| 650 | _xJuvenile fiction. | ||
| 700 | _a960 | ||
| 999 |
_c298119 _d298119 |
||